Ekonomika ve stínu politiky

Schôdzka G-7 - kanadský Halifax - jún 1995. Okruhy riešených problémov. Reforma medzinárodných bankových a finančných inštitúcií. Svetová obchodná organizácia (WTO). Problematika krajín s transformujúcou sa ekonomikou. Politické otázky - konflikt na území bývalej Juhoslávie, Čečensko. Problematika b...

Full description

Saved in:
Bibliographic Details
Main Author: Skalický, J.
Format: Book Chapter
Language:Czech
Subjects:
Tags: Add Tag
No Tags, Be the first to tag this record!

MARC

LEADER 00000naa a2200000 4500
001 r017644
005 20221208130725.7
041 0 |a cze 
044 |a CZ 
245 1 0 |a Ekonomika ve stínu politiky  |c J. Skalický 
520 |a Schôdzka G-7 - kanadský Halifax - jún 1995. Okruhy riešených problémov. Reforma medzinárodných bankových a finančných inštitúcií. Svetová obchodná organizácia (WTO). Problematika krajín s transformujúcou sa ekonomikou. Politické otázky - konflikt na území bývalej Juhoslávie, Čečensko. Problematika boja proti medzinárodnému zločinu. 
610 2 0 |a G-7 
610 2 0 |a Halifax 
610 2 0 |a konferencie 
610 2 0 |a 1995 
610 2 0 |a politika finančná 
610 2 0 |a banky medzinárodné 
610 2 0 |a obchod svetový 
610 2 0 |a Svetová obchodná organizácia 
610 2 0 |a kriminalita 
100 1 |a Skalický, J.